banner-ar

العلاقات السودانية المكية عبر التاريخ / (Record no. 60031)

MARC details
000 -الفاتح
حقل البيانات ثابتة الطول 01414nam a22003017a 4500
005 - وقت وتاريخ اخر تعامل مع التسجيلة
رقم الضبط 20240530110349.0
008 - عناصر البيانات ثابتة الطول - معلومات عامة
حقل البيانات ثابتة الطول 141215s2006 ua g b 000 0 ara d
017 ## - رقم الايداع القانونى
رقم الايداع القانونى 14155/2005
المصدر ( الهيئة المختصة) مصر . دار الكتب المصرية
020 ## - الرقم الدولى المعيارى للكتب
الرقم الدولى المعيارى للكتاب 9772582198
040 ## - مصدر الفهرسة
وكالة الفهرسة الأصلية EG-CaGPL
041 0# - رمز اللغة
رمز لغة النص/ المسارات الصوتية أو العنوان الانفرادي ara
082 04 - رقم تصنيف ديوى العشرى
رقم الطبعة 21
رقم التصنيف 962.4\
رقم المادة س ع
100 0# - المدخل الرئيسى - إسم شخصى
الإسم الشخصى سيد احمد على عثمان العقيد
العنوان والكلمات الأخرى المصاحبة للاسم استاذ مشارك فى التاريخ الحديث والمعاصر كلية الاداب / جامعة النيلين
245 12 - بيان العنوان
العنوان العلاقات السودانية المكية عبر التاريخ /
بيان المسئوليه,etc تاليف سيد احمد على عثمان العقيد
250 ## - بيان الطبعة
بيان الطبعة ط1
260 ## - PUBLICATION, DISTRIBUTION, ETC. (IMPRINT)
تاريخ النشر أو التوزيع 2006
300 ## - الوصف المادى
التعداد 133 ص ؛
أبعاد الوعاء 24 سم
504 ## - تبصرة ببليوجرافية
تبصرة ببليوجرافية,الخ ببليوجرافية : ص 127 - 133
651 04 - المدخل الاضافى بالموضوع - اسم جغرافى
الاسم الجغرافي السودان
التقسيم الفرعي العام تاريخ
651 04 - المدخل الاضافى بالموضوع - اسم جغرافى
الاسم الجغرافي اثيوبيا
التقسيم الفرعي العام تاريخ
651 04 - المدخل الاضافى بالموضوع - اسم جغرافى
الاسم الجغرافي السودان
التقسيم الفرعي العام العلاقات الخارجية
التقسيم الفرعي الجغرافي الدول العربية
651 04 - المدخل الاضافى بالموضوع - اسم جغرافى
الاسم الجغرافي السودان
التقسيم الفرعي العام السكان الاصليون
651 04 - المدخل الاضافى بالموضوع - اسم جغرافى
الاسم الجغرافي السودان
التقسيم الفرعي العام تاريخ
التقسيم الفرعي الزمني عصر صدر الاسلام
651 04 - المدخل الاضافى بالموضوع - اسم جغرافى
الاسم الجغرافي السودان
التقسيم الفرعي العام العلاقات الخارجية
التقسيم الفرعي الجغرافي السعودية
651 04 - المدخل الاضافى بالموضوع - اسم جغرافى
الاسم الجغرافي السعودية
التقسيم الفرعي العام العلاقات الخارجية
التقسيم الفرعي الجغرافي السودان
942 ## - عناصر المدخل الإضافي( كوها)
مصدر التصنيف او مخطط الترفيف Dewey Decimal Classification
Koha [default] item type كتاب
260 ## - PUBLICATION, DISTRIBUTION, ETC. (IMPRINT)
-- القاهرة :
-- الدار العربية للنشر والتوزيع ،
Holdings
حالة التراجع حالة الفقد حالة تلف ليس للاعارة المكان المؤقت الموقع الحالى تاريخ الاكتساب اجمالي اﻻعارات رقم الطلب الباركود تاريخ اخر مشاهدة تاريخ تفعيل السعر نوع وعاء كوها
        مكتبة القاهرة الكبرى مكتبة القاهرة الكبرى 12/15/2014   962.4\ س ع 159011 12/15/2014 12/15/2014 كتاب

Powered By

EGPV